Forecasts and trends (Record no. 112039)

MARC details
000 -LEADER
fixed length control field 00837cad a22002055a 4500
001 - CONTROL NUMBER
control field L152402
008 - FIXED-LENGTH DATA ELEMENTS--GENERAL INFORMATION
fixed length control field 110301s2011 xxk f 000 0 eng d
035 ## - SYSTEM CONTROL NUMBER
System control number (Sirsi) u152402
041 0# - LANGUAGE CODE
Language code of text/sound track or separate title eng
110 0# - MAIN ENTRY--CORPORATE NAME
Corporate name or jurisdiction name as entry element McGraw-Hill Construction
9 (RLIN) 5916
245 00 - TITLE STATEMENT
Title Forecasts and trends
Medium [electronic resource]
260 ## - PUBLICATION, DISTRIBUTION, ETC.
Place of publication, distribution, etc. Bedford, MA
Name of publisher, distributor, etc. McGraw-Hill
Date of publication, distribution, etc. 2011
520 ## - SUMMARY, ETC.
Summary, etc. Summary of new construction starts for January 2011; nonresidential building, residential building, nonbuilding construction; statistics from The Dodge Index of new construction starts 2007-2010.
590 ## - LOCAL NOTE (RLIN)
Local note KA
651 #4 - SUBJECT ADDED ENTRY--GEOGRAPHIC NAME
Geographic name United States 1959-
690 ## - LOCAL SUBJECT ADDED ENTRY--TOPICAL TERM (OCLC, RLIN)
Topical term or geographic name as entry element BUILT ENVIRONMENT-CONSTRUCTION MARKET
710 1# - ADDED ENTRY--CORPORATE NAME
Corporate name or jurisdiction name as entry element Autodesk
856 40 - ELECTRONIC LOCATION AND ACCESS
Uniform Resource Identifier <a href="https://construction.com/ResourceCenter/forecast/2011/Feb.asp">https://construction.com/ResourceCenter/forecast/2011/Feb.asp</a>
Public note View this item free of charge at http://construction.com
942 ## - ADDED ENTRY ELEMENTS (KOHA)
Suppress in OPAC 0
Holdings
Withdrawn status Lost status Source of classification or shelving scheme Damaged status Not for loan Home library Current library Shelving location Date acquired Total Checkouts Full call number Barcode Date last seen Copy number Price effective from Koha item type
    Dewey Decimal Classification     Virtual Virtual Online 01/03/2011   ONLINE PUBLICATION 152402-2001 06/08/2019 1 06/08/2019 Book